000
00322nam a22001217a 4500
008
181012b xxu||||| |||| 00| 0 eng d
041
_a
eng
080
_a
820
100
_a
21
101
_a
GJL
245
_a
The Anatomy of Literary Studies an Introduction to the study of English Literature
_c
Boulton,M
942
_2
udc
_c
BK
999
_c
49577
_d
49577